Physical and commercial geography (Record no. 75359)

MARC details
000 -LEADER
campo de control de longitud fija 00645nam a2200181 i 4500
001 - NÚMERO DE CONTROL
campo de control 75359
003 - IDENTIFICADOR DE NÚMERO DE CONTROL
campo de control ES-MaACL
005 - FECHA Y HORA DE LA ÚLTIMA TRANSACCIÓN
campo de control 20230906172425.0
007 - CAMPO FIJO DE DESCRIPCIÓN FÍSICA--INFORMACIÓN GENERAL
campo de control de longitud fija t|
008 - DATOS DE LONGITUD FIJA--INFORMACIÓN GENERAL
campo de control de longitud fija 040923s1910 xxu ||||1| eng d
100 1# - ENTRADA PRINCIPAL--NOMBRE DE PERSONA
Nombre de persona Gregory, Herbert Ernest.
9 (RLIN) 59917
245 10 - MENCIÓN DEL TÍTULO
Título Physical and commercial geography
Resto del título : a study of certain controlling conditions of commerce /
Mención de responsabilidad, etc. by Herbert Ernest Gregory, Albert Galloway Keller and Avard Longley Bishop.
260 ## - PUBLICACIÓN, DISTRIBUCIÓN, ETC.
Lugar de publicación, distribución, etc. Boston :
Nombre del editor, distribuidor, etc. Ginn and Company,
Fecha de publicación, distribución, etc. 1910.
300 ## - DESCRIPCIÓN FÍSICA
Extensión VI, 469 p. ;
Dimensiones 23 cm.
700 1# - ENTRADA AGREGADA--NOMBRE PERSONAL
Nombre de persona Keller, Albert Galloway.
9 (RLIN) 67755
700 1# - ENTRADA AGREGADA--NOMBRE PERSONAL
Nombre de persona Bishop, Avard Longley.
9 (RLIN) 29003
852 ## - LOCALIZACIÓN
Ubicación ES-MaACL
Número de control de estantería A-2352
Holdings
Estatus retirado Estado de pérdida Estado de daño No para préstamo Biblioteca de origen Biblioteca actual Ubicación en estantería Fecha de adquisición Fuente de adquisición Total de préstamos Signatura topográfica completa Código de barras Visto por última vez Precio de reemplazo Tipo de ítem Koha
        Biblioteca del Ateneo de Madrid Biblioteca del Ateneo de Madrid Sala Pecera Planta 1 17/01/2008     A-2352 1078875 23/02/2023 23/02/2023 Libro impreso